नानाजी देशमुख (Record no. 370195)

MARC details
000 -LEADER
fixed length control field 01021 a2200157 4500
003 - CONTROL NUMBER IDENTIFIER
control field OSt
005 - DATE AND TIME OF LATEST TRANSACTION
control field 20260204161020.0
008 - FIXED-LENGTH DATA ELEMENTS--GENERAL INFORMATION
fixed length control field 260204b |||||||| |||| 00| 0 eng d
100 ## - MAIN ENTRY--PERSONAL NAME
Personal name खर्डेकर प्र .
9 (RLIN) 216611
245 ## - TITLE STATEMENT
Title नानाजी देशमुख
250 ## - EDITION STATEMENT
Edition statement 2nd ED.
260 ## - PUBLICATION, DISTRIBUTION, ETC. (IMPRINT)
Name of publisher, distributor, etc. भारतीय विचार साधना प्रकाशन
Date of publication, distribution, etc. 2019
Place of publication, distribution, etc. पुणे
300 ## - PHYSICAL DESCRIPTION
Extent 136pp.
520 ## - SUMMARY, ETC.
Summary, etc. Mar 2025 — 11 ऑक्टोबर 1916 रोजी नानाजींचा जन्म महाराष्ट्रातील हिंगोली जिल्ह्यातील कडोली या छोट्याशा गावात झाला. ते मराठी बोलणाऱ्या देशस्थ ऋग्वेदी ब्राह्मण घरातील होते. आर्थिक अडथळे दूर करण्याच्या त्यांच्या इच्छेचे
942 ## - ADDED ENTRY ELEMENTS (KOHA)
Koha item type Books
Source of classification or shelving scheme Dewey Decimal Classification
Holdings
Withdrawn status Lost status Source of classification or shelving scheme Damaged status Not for loan Collection code Home library Current library Date acquired Vendor Cost, normal purchase price Total Checkouts Barcode Date last seen Cost, replacement price Bill Date Koha item type Original Barcode
    Dewey Decimal Classification     MCA MKSSS s K.B. Joshi Institute of Information Technology Library MKSSS s K.B. Joshi Institute of Information Technology Library 03/02/2026 188 70.00   KBJP-BK-3009 03/02/2026 100.00 03/02/2026 Books 3009